LEADER 01044nam a2200277 u 4500 001 000000044032 003 CaOOAMICUS 005 20070226114514.0 008 990419s1983 nyuad u000 u eng u 020 $a0312014988 035 $a10820445 040 $aPUL(R)$bita 245 04$aThe Aids epidemic /$cedited by Kevin M. Cahill, M.D. 260 $aNew York :$bSt. Martin's Press,$cc1983. 300 $axvi, 173 p. :$bill., diagr. ;$c21 cm 500 $aContiene indici. 504 $aBibliografia in nota. 650 4$aAIDS.$0(OLS)http://pul/subject/19284 700 1 $aCahill, Kevin M.$0(OLS)http://pul/name/32213 850 $aPUL 852 $aPUL$W1$xDP1 Cons. Gen., Altre Classi 1$y22$m43 C 87$j59309$nBK-PRI$b $qStampati$B59309$CPULBib$Z2$F59309 $H $81 941 1 $a8 961 $aINV: 54584 996 $6020$a0312014988$9(OLS)http://pul/number/54914 996 $6245$aThe Aids epidemic$9(OLS)http://pul/title/59420 996 $6260$aNew York :$bSt. Martin's Press$9(OLS)http://pul/publisher/60439 LEADER 01304nam a2200325 u 4500 001 000000068248 003 CaOOAMICUS 005 20070226121758.0 008 020306s1983 it u000 u ita u 020 $a8872930626 035 $a10922816 040 $aPUL(R)$bita 041 1 $apol$hita 100 1 $aWyszę?ski, Stefan,$ccard.,$d1901-1983.$0(OLS)http://pul/name/29651 240 10$aZapiski wi{ogon}ezienne.$lItaliano.$0(OLS)http://pul/title/90314 245 10$aAppunti dalla prigione /$cStefan card. Wyszy?ski. 260 $aBologna :$bCSEO,$c1983. 300 $a283 p, 8 c. di tav. :$bill. ;$c20 cm 490 1 $aCSEO biblioteca 504 $aBibliografia: p. [223]-227. 830 0$aCSEO biblioteca.$0(OLS)http://pul/title/8544 850 $aPUL 852 $aPUL$W1$xDP1 Fondo G. Barberini$y122$m9 B 8$j44650$qFondi$B181077$CPULBib$Z2$F181077 $HBar282 $81 852 $aPUL$W1$xSL Filosofia 1$y2$m114 H 38$j88288$nBK-PRI$b $qStampati$B88288$CPULBib$Z2$F88288 $H $81 941 1 $a1 941 1 $a8 961 $aINV: 51204 996 $6020$a8872930626$9(OLS)http://pul/number/88444 996 $6245$aAppunti dalla prigione$9(OLS)http://pul/title/90315 996 $6260$aBologna :$bCSEO$9(OLS)http://pul/publisher/65680